000 00688nam a22002297a 4500
005 20220423111503.0
008 220423b ||||| |||| 00| 0 eng d
020 _a8189066838
040 _cAL
041 _aEnglish
082 _223
_a358.4092
_bKARI
100 _aP K Karayi
_931293
245 _aImages At Eventide
260 _aMumbai
_bEnglish Edition Publishers and Distributors India Pvt Limited
_c2005
300 _a241 p.
_bPB
_c20.5x13.5 cm.
365 _b₹195.00
_c
_d₹195.00
650 _aKarayi, P. K -- Humor
_931294
650 _aIndia
_931295
650 _aIndian Air Force -- Officers -- Biography
_931296
700 _aKARAYI (P K)
_931297
942 _2ddc
_cGF
999 _c222579
_d222579